00748nam a22002415i 450000100060000000300090000600500170001500700030003200800410003502000180007604000220009408000150011610000170013124500940014825000240024226000350026630000340030149000320033550000510036770000230041883000320044185200330047316643ES-MaACL20230906151351.0t|001020s1997 sp ||||0| spa j a84-7517-456-6 aM-BN bspa cM-BN a820-14"18"1 aKeats, John.10aOdas y sonetos / cJohn Keats ; traducción, introducción y notas de Alejandro Valero. a1ª ed., 1ª reimp. aMadrid : bHiperión, c1997. a195 p. : b1 retr. ; c20 cm.1 aPoesía Hiperión ; v263 aTexto en inglés y traducción en español.1 aValero, Alejandro.0 aPoesía Hiperión ; v263 aES-MaACLjL-23699 bR.128872